000 00749nam a22002537a 4500
001 BR7300529
003 BR-BrBNA
005 20230928095643.0
007 ta
008 230509b bl.||||| |||| 00| 0 por d
040 _aBR-BrBNA
_bpor
_cBiblioteca Nacional de Agricultura
041 _a(Por)
072 _aH20
_b2120
090 _ 2120 BR7300529
110 1 _aGrupo Executivo de Racionalizacao da Cafeicultura, Rio de Janeiro, GB (Brasil)
_95495
245 1 _aPrograma de controle da ferrugem do cafeeiro
260 3 _aRio de Janeiro, GB (Brasil):
_bInstituto Brasileiro do Cafe,
_c1970.
300 _a99 p.
650 _aCafe
650 _aFerrugem
650 _aControle Quimico
909 _a202309
_bLucia
_c55
_dLucia Elande
942 _cBK
999 _c57895
_d57895